000 00651nam a2200241Ia 4500
003 OSt
005 20221005032004.0
006 a|||||r|||| 00| 0
007 ta
008 221004b |||||||| |||| 00| 0 tam d
024 _a64149
037 _cTextual
040 _aCRL
_cCRL
_btam
041 _2tam
_atam
082 _aO31,3N26,32, L2
100 _aKovi.Manisekaran Au.
_9584630
245 0 _aChozha Dheepam
260 _aChennai
_bThamilselvi Nilaiyam India
_c1972
300 _a156p.
_ccm.
650 _aTAMIL LITERATURE
942 _hO31,3N26,32, L2
_cTEXL
_2cc
999 _c938870
_d938870